| 000 | 00896na a2200325 4500 | ||
|---|---|---|---|
| 001 | 13053 | ||
| 003 | MIRAKIL | ||
| 005 | 20181213155007.0 | ||
| 008 | 160930b tu 000 0 | ||
| 020 | _a9754063001 | ||
| 035 | _a13053 | ||
| 040 |
_aMilas _btur _cTR-AnCHP |
||
| 041 | _atur | ||
| 082 |
_a322.42 _bB24k 1992 |
||
| 090 | _a322.42 B24k 1992 | ||
| 100 | _aBallı, Rafet | ||
| 245 |
_aKürt dosyası _cRafet Ballı |
||
| 250 | _aGnşl. 3. bs. | ||
| 260 |
_aİstanbul _bCem _c1992 |
||
| 300 |
_a608 s. _bfotğ. _c20 sm. |
||
| 490 | _aKültür dizisi | ||
| 650 |
_aKürtler _xSiyaset ve yönetim _yTarih |
||
| 650 |
_aSiyasal eylem grupları _xKürtler |
||
| 650 |
_aKürt liderler _xSiyaset ve yönetim _yRöportajlar |
||
| 650 | _aKürt sorunu | ||
| 651 |
_aTürkiye _xKürt sorunu _ySiyaset ve yönetim |
||
| 657 | _aKürt sorunu | ||
| 657 | _aKürtler | ||
| 942 |
_2ddc _cBKS |
||
| 999 |
_c4476 _d4476 |
||